| 000 | 00835nam a22002177a 4500 | ||
|---|---|---|---|
| 999 |
_c370900 _d370900 |
||
| 008 | 201130b ||||| |||| 00| 0 eng d | ||
| 040 |
_bger _cDE-2950 _erda _aDE-2950 |
||
| 041 | _ager | ||
| 100 | _aMatschkowiak René: | ||
| 245 |
_aMit Wuschel, Keks und Kira in den Gottesdienst. _bKirche: Hunde und Kaninchen sind eher seltene Gäste im Gotteshaus. Doch am Sonntag hat die Pfarrerin in Hohenwalde Kuschel- und Haustiere gesegnet./ _cMatschkowiak René |
||
| 264 | _c2021 | ||
| 653 | _aFrankfurt (Oder) | ||
| 653 | _aGottesdienst | ||
| 653 | _a<Hohenwalde> | ||
| 653 | _aKirche | ||
| 773 |
_dFrankfurt (Oder): Märkisches Verlags- und Druckhaus GmbH & Co KG _g32. Jahrgang (2021) Nr. 232 vom 05.10.2021, S. 15 _tMärkische Oderzeitung |
||
| 942 | _cA | ||